000 00840nam a22002657a 4500
001 BR8005883
003 BR-BrBNA
005 20230928090754.0
007 ta
008 230509b bl.||||| |||| 00| 0 por d
040 _aBR-BrBNA
_bpor
_cBiblioteca Nacional de Agricultura
041 _a(Por)
072 _aE10; E30
_b2120
_b/G514
090 _ 2120 BR8005883
110 1 _aInstituto Brasileiro do Cafe, Rio de Janeiro, RJ;
110 1 _aGrupo Executivo de Racionalizacao da Cafeicultura, Rio de Janeiro, GB (Brasil)
_95495
245 1 _aPlano de renovacao e revigoramento de cafezais 1979/80. Normas de execucao [Brasil]
260 3 _aRio de Janeiro, RJ (Brasil):
_c1980.
300 _a38 p.
650 _aCAFE
650 _aFINANCIAMENTO
650 _aPOLITICA AGRICOLA
909 _a202309
_bLucia
_c55
_dLucia Elande
942 _cBK
999 _c30450
_d30450